| 000 | 00908nam a2200229 a 4500 | ||
|---|---|---|---|
| 001 | 000031448 | ||
| 005 | 20200930062934.0 | ||
| 008 | 110622t1914 dr 001 0 spa d | ||
| 040 |
_aDO-SdBNP _bspa _cBNPHU |
||
| 082 |
_a277.293 _bN925h |
||
| 100 | 1 |
_aNouel, Carlos, _d1833-1905 _957853 |
|
| 245 | 1 | 0 |
_aHistoria eclesiástica de la arquidiócesis de Santo Domingo, primada de América / _cCarlos Nouel. |
| 260 |
_aSanto Domingo : _bImprenta La Cuna de América, _c1914. |
||
| 300 |
_av. ; _c25 cm. |
||
| 500 | _aLa biblioteca posee el v.2. | ||
| 504 | _aIncluye bibliografía y notas al pie de páginas. | ||
| 650 | 4 |
_aIglesia católica _xHistoria _zRepública Dominicana _923682 |
|
| 651 | 4 |
_aRepública Dominicana _xHistoria Eclesiástica _91736 |
|
| 651 | 4 |
_aRepública Dominicana _xHistoria _yGOBIERNO COLONIAL ESPAÑOL, 1511-11795 _957854 |
|
| 910 | _aValidado. Control de calidad EMS. | ||
| 049 | _aBNPD | ||
| 999 |
_c30940 _d30940 |
||